Llorar Al Revés - Xavibo - Estadísticas

Estadísticas generales
  • Esta prueba ha sido intentada 30 veces
  • La puntuación promedio es 189 de 345
Estadísticas de respuestas
Letra % Correcto
a
100%
al
100%
de
100%
e
100%
el
100%
la
100%
Me
100%
me
100%
mi
100%
del
75%
en
75%
En
75%
es
75%
Es
75%
llorar
75%
lo
75%
Lo
75%
los
75%
Madrid
75%
no
75%
Pero
75%
que
75%
qué
75%
Que
75%
revés
75%
se
75%
75%
si
75%
75%
un
75%
Un
75%
Unos
75%
vi
75%
Y
75%
y
75%
yo
75%
Yo
75%
14
50%
ahora
50%
amor
50%
aparecí
50%
aprender
50%
Atocha
50%
cantabas
50%
chupitos
50%
Cómo
50%
compartimos
50%
compartir
50%
cuando
50%
desde
50%
después
50%
di
50%
Elche
50%
encantaba
50%
estoy
50%
frío
50%
fue
50%
fuiste
50%
gusto
50%
ha
50%
hablaba
50%
hacía
50%
has
50%
he
50%
hombres
50%
Javi
50%
lloré
50%
Mallorca
50%
más
50%
media
50%
medias
50%
miedo
50%
mismo
50%
mitad
50%
ni
50%
noche
50%
Nunca
50%
nunca
50%
orujo
50%
otra
50%
pa
50%
para
50%
París
50%
piso
50%
puesto
50%
reír
50%
repartí
50%
Será
50%
siempre
50%
solo
50%
suba
50%
te
50%
tenido
50%
ti
50%
Todo
50%
traje
50%
triste
50%
tuvimos
50%
una
50%
unas
50%
vestir
50%
vez
50%
abuela
25%
alfiler
25%
algo
25%
Algo
25%
alquiler
25%
arriba
25%
arroz
25%
así
25%
atún
25%
Aún
25%
azúcar
25%
boda
25%
cabía
25%
Café
25%
cago
25%
cajas
25%
cápsula
25%
colcha
25%
conmigo
25%
coser
25%
culpa
25%
cúpula
25%
Dejamos
25%
dejas
25%
deslizando
25%
día
25%
dijo
25%
diminuta
25%
disculpas
25%
dónde
25%
dormimos
25%
dos
25%
encima
25%
esa
25%
esperando
25%
esquina
25%
están
25%
este
25%
hasta
25%
hecho
25%
Hice
25%
hoy
25%
hueco
25%
invierto
25%
llorarte
25%
Lucas
25%
luego
25%
mancha
25%
maquillaras
25%
mes
25%
mirando
25%
miras
25%
móvil
25%
nada
25%
nos
25%
Nos
25%
Pago
25%
pasar
25%
pasé
25%
película
25%
pendiente
25%
pequeña
25%
perdón
25%
ponerme
25%
Por
25%
por
25%
primero
25%
puedes
25%
pulpa
25%
punta
25%
puta
25%
quedó
25%
Quién
25%
quiero
25%
Quisimos
25%
ratico
25%
roto
25%
sabe
25%
sangre
25%
sentir
25%
sido
25%
sin
25%
sonreías
25%
Tengo
25%
tiempo
25%
toca
25%
tomate
25%
tus
25%
vida
25%
Voy
25%
ya
25%
zumo
25%
No se encontraron pruebas coincidentes
Distribución de puntuación
Porcentaje de gente con cada puntuación
Porcentaje por número respondido
Historial de tus puntuaciones
No has intentado esta prueba.